Math with Flags - Statistics

General Stats
  • This quiz has been taken 71 times
  • The average score is 10 of 15
Answer Stats
Answer % Correct
France
93%
Ireland
93%
Belgium
84%
Italy
83%
Romania/Chad
76%
Ivory Coast
74%
Nigeria
72%
Peru
72%
Mali
62%
Guinea
60%
20
52%
24
48%
28
47%
11
45%
35
43%
No matching quizzes found
Score Distribution
Percent of People with Each Score
Percentile by Number Answered
Your Score History
You have not taken this quiz